Superman Movies 🦸 - Statistics

General Stats
  • This quiz has been taken 103 times
    72 since last reset
  • The average score is 8 of 10
Answer Stats
Year Movie % Correct
1978 Superman
98%
2013 Man of Steel
95%
1981 Superman II
95%
2025 Superman
93%
1983 Superman III
93%
2006 Superman Returns
93%
2016 Batman v Superman: Dawn of Justice
90%
1987 Superman IV: The Quest for Peace
74%
1984 Supergirl
52%
1951 Superman and the Mole Men
43%
No matching quizzes found
Score Distribution
Percent of People with Each Score
Percentile by Number Answered
Your Score History
You have not taken this quiz since the last reset